000 00517nam a2200193Ia 4500
005 20250423101056.0
008 250422s9999 xx 000 0 und d
020 _a9780071107662
050 _aQA 76.9 .S88 B46/
100 _aBentley, Lonnie D.
245 0 _aSystems analysis and design for the global enterprise
250 _a7th ed.
260 _aNew York
260 _bMcGraw-Hill Irwin
260 _c2007
300 _a47 p
650 _aInformation system development. System analysis.
942 _cBK
999 _c35209
_d35209